Psychology Of Management (Record no. 43347)

MARC details
000 -LEADER
fixed length control field 00463nam a22001697a 4500
005 - DATE AND TIME OF LATEST TRANSACTION
control field 20250319163346.0
008 - FIXED-LENGTH DATA ELEMENTS--GENERAL INFORMATION
fixed length control field 250319b |||||||| |||| 00| 0 eng d
020 ## - INTERNATIONAL STANDARD BOOK NUMBER
International Standard Book Number 9789358000054
041 ## - LANGUAGE CODE
Language code of text/sound track or separate title Eng.
082 ## - DEWEY DECIMAL CLASSIFICATION NUMBER
Classification number 658.001 GIL
100 ## - MAIN ENTRY--PERSONAL NAME
Author Gilbreth, Lillian Moller
245 ## - TITLE STATEMENT
Title Psychology Of Management
260 ## - PUBLICATION, DISTRIBUTION, ETC.
Place Delhi
Publisher Lector House
Publication Year 2024
300 ## - PHYSICAL DESCRIPTION
Extent 191;. 24 cm
650 ## - SUBJECT ADDED ENTRY--TOPICAL TERM
Subject Management Psychological Aspects; Organizational Behavior
942 ## - ADDED ENTRY ELEMENTS (KOHA)
Koha item type Books
Holdings
Withdrawn status Lost status Source of classification or shelving scheme Damaged status Not for loan Home library Current library Shelving location Accession Date Vendor Price Bill number Full call number Barcode No Date last seen Discount Bill Date Koha item type Suggested By
    Dewey Decimal Classification     IMTN IMTN Rack 21-B 03/18/2025 Raghav Books Private Limited 1995.00 2374 658.001 GIL 33638 03/19/2025 30 02/14/2025 Books Dr. Asif Khan
Designed & Maintained by: LRC IMT Nagpur Contact: lrc@imtnag.ac.in© 2024. All Rights Reserved.